<?xml version="1.0" encoding="UTF-8"?>
<marc:record xmlns:marc="http://www.loc.gov/MARC21/slim">
   <marc:leader>00000nam a2200000 a 4500</marc:leader>
   <marc:datafield ind1="1" ind2=" " tag="100">
      <marc:subfield code="a">Lerner, Betsy</marc:subfield>
      <marc:subfield code="4">aut</marc:subfield>
      <marc:subfield code="e">Verfasser/-in</marc:subfield>
   </marc:datafield>
   <marc:datafield ind1="1" ind2=" " tag="100">
      <marc:subfield code="a">Bechtolsheim, Barbara von</marc:subfield>
      <marc:subfield code="4">trl</marc:subfield>
      <marc:subfield code="e">Übersetzer/-in</marc:subfield>
   </marc:datafield>
   <marc:datafield ind1=" " ind2=" " tag="653">
      <marc:subfield code="a">Memoir</marc:subfield>
   </marc:datafield>
   <marc:datafield ind1=" " ind2=" " tag="653">
      <marc:subfield code="a">Mütter und Töchter</marc:subfield>
   </marc:datafield>
   <marc:datafield ind1=" " ind2=" " tag="653">
      <marc:subfield code="a">Kartenspiel</marc:subfield>
   </marc:datafield>
   <marc:datafield ind1=" " ind2=" " tag="653">
      <marc:subfield code="a">Freundinnen</marc:subfield>
   </marc:datafield>
   <marc:datafield ind1=" " ind2=" " tag="653">
      <marc:subfield code="a">Lebenshilfe</marc:subfield>
   </marc:datafield>
   <marc:datafield ind1=" " ind2=" " tag="653">
      <marc:subfield code="a">Softcover / Belletristik/Gegenwartsliteratur (ab 1945)</marc:subfield>
   </marc:datafield>
   <marc:datafield ind1=" " ind2=" " tag="653">
      <marc:subfield code="a">Fiktionale Darstellung</marc:subfield>
   </marc:datafield>
   <marc:datafield ind1=" " ind2=" " tag="653">
      <marc:subfield code="a">Erzählende Literatur: Gegenwartsliteratur ab 1945</marc:subfield>
   </marc:datafield>
   <marc:datafield ind1="0" ind2="0" tag="245">
      <marc:subfield code="a">Der Bridge-Club meiner Mutter</marc:subfield>
   </marc:datafield>
   <marc:datafield ind1="0" ind2="0" tag="245">
      <marc:subfield code="b">Roman</marc:subfield>
   </marc:datafield>
   <marc:datafield ind1="0" ind2="0" tag="245">
      <marc:subfield code="c">Betsy Lerner ; aus dem Amerikanischen von Barbara v. Bechtolsheim</marc:subfield>
   </marc:datafield>
   <marc:datafield ind1=" " ind2="1" tag="264">
      <marc:subfield code="a">München</marc:subfield>
      <marc:subfield code="b">btb</marc:subfield>
   </marc:datafield>
   <marc:datafield ind1=" " ind2=" " tag="250">
      <marc:subfield code="a">1. Auflage</marc:subfield>
   </marc:datafield>
   <marc:datafield ind1="1" ind2=" " tag="520">
      <marc:subfield code="a">Angaben aus der Verlagsmeldung

Der Bridge-Club meiner Mutter The Bridge Ladies / von Betsy Lerner

»Als Mitt-Zwanzigerin habe ich einmal meine Mutter gefragt, was ihr lieber wäre: wenn ich heiraten würde oder den Nobelpreis bekäme. Alles, was sie darauf erwidert hat, war: ›Sei doch nicht lächerlich!‹«

Mit 54 Jahren verschlägt es die amerikanische Autorin und Literaturagentin Betsy Lerner zurück an den Ort ihrer Kindheit nach New Haven in Connecticut. Hier lebt auch ihre verwitwete 83-jährige Mutter — diese räumliche Nähe birgt für beide Seiten durchaus Konfliktpotential. Aber Betsy will versuchen, eine Brücke zu bauen. Sie beschließt, an den seit über fünfzig Jahren stattfindenden Zusammenkünften der Bridge Ladys teilzunehmen — gepflegten Damen der gehobenen Mittelschicht, die zusammen viel erlebt haben, aber alles gut hinter Perlenketten, pastellfarbigen Twinsets und den Spielkarten zu verbergen wissen. Genau das, wogegen Betsy immer rebelliert hat. Doch nach und nach versteht sie: auch wenn diese Frauen so ganz anders scheinen, was sie über Generationen hinweg im Inneren bewegt, ist dasselbe - Familie, Freunde, Liebe. Und schließlich findet Betsy auch zu ihrer Mutter über das Bridge-Spielen einen völlig neuen Zugang.

</marc:subfield>
   </marc:datafield>
   <marc:datafield ind1=" " ind2=" " tag="020">
      <marc:subfield code="a">9783442757138</marc:subfield>
      <marc:subfield code="9">9783442757138</marc:subfield>
   </marc:datafield>
   <marc:datafield ind1=" " ind2=" " tag="020">
      <marc:subfield code="a">3442757134</marc:subfield>
      <marc:subfield code="9">3442757134</marc:subfield>
   </marc:datafield>
   <marc:datafield ind1=" " ind2=" " tag="041">
      <marc:subfield code="a">ger</marc:subfield>
   </marc:datafield>
   <marc:datafield ind1=" " ind2=" " tag="300">
      <marc:subfield code="a">348 Seiten</marc:subfield>
   </marc:datafield>
</marc:record>
